Statistics for Top 15 Countries with Covid-19 Cases - 5 November 2022

Click here to take the quiz!

General Stats

  • This quiz has been taken 11 times
  • The average score is 16 of 28

Answer Stats

country% Correct
India
100%
United States
100%
Brazil
90%
United Kingdom
90%
France
80%
Russia
80%
South Korea
80%
Australia
70%
Germany
70%
Italy
70%
Japan
70%
Portugal
70%
Spain
70%
Argentina
60%
Austria
50%
Netherlands
50%
Turkey
50%
Vietnam
50%
Denmark
40%
Greece
40%
Slovenia
40%
Switzerland
40%
Estonia
30%
Latvia
30%
Lithuania
30%
Georgia
20%
Israel
20%
Cyprus
10%

Score Distribution

Percentile by Number Answered

Percent of People with Each Score

Your Score History

You have not taken this quiz